Islands by Countries #2 - Statistics

General Stats
  • This quiz has been taken 17 times
  • The average score is 9 of 15
Answer Stats
Island Country % Correct
Hong Kong China
100%
Sicily Italy
100%
Svalbard Norway
94%
Oahu United States
94%
Lesbos Greece
88%
North Island New Zealand
88%
Martinique France
82%
Ellesmere Island Canada
59%
Mindanao Philippines
53%
Jeju South Korea
53%
Bougainville Papua New Guinea
41%
Fasta Åland Finland
35%
San Andrés Colombia
18%
Hiiumaa Estonia
12%
Unjuja Tanzania
6%
No matching quizzes found
Score Distribution
Percent of People with Each Score
Percentile by Number Answered
Your Score History
You have not taken this quiz